| 000 | 00448nam a2200193Ia 4500 | ||
|---|---|---|---|
| 005 | 20250603144631.0 | ||
| 008 | 250603s9999 xx 000 0 und d | ||
| 020 | _a9780323523240 | ||
| 050 | _aQR 185.5 .A23/ | ||
| 100 | _aAbbas, Abul K. | ||
| 245 | 0 | _aCellular and molecular immunology | |
| 250 | _a9th ed. | ||
| 260 | _aPhiladelphia | ||
| 260 | _bElsevier | ||
| 260 | _c2018 | ||
| 300 | _a565 p | ||
| 650 | _aPhiladelphia | ||
| 942 | _cBK | ||
| 999 |
_c39497 _d39497 |
||